[Event "Maia op 7th"]
[Site "Maia"]
[Date "2023.08.26"]
[Round "2"]
[White "Verboven, Arnout"]
[Black "Nguyen, Tri Khoi"]
[Result "1/2-1/2"]
[WhiteElo "1817"]
[BlackElo "1329"]
[PlyCount "111"]
[EventDate "2023.08.25"]
[EventType "swiss"]
[EventRounds "9"]
[EventCountry "POR"]
[SourceTitle "EXT 2024"]
[Source "ChessBase"]
[SourceDate "2023.10.10"]
[SourceVersion "1"]
[SourceVersionDate "2023.10.10"]
[SourceQuality "1"]

1. d4 Nf6 2. Bf4 d5 3. e3 c5 4. c3 Nc6 5. Nd2 Qb6 6. Qb3 c4 7. Qc2 g6 8. f3 Bg7 9. Bg3 0-0 10. e4 e6 11. e5 Nh5 12. Ne2 f6 13. f4 Nxg3 14. hxg3 fxe5 15. fxe5 Nxe5 16. dxe5 Qf2+ 17. Kd1 Bxe5 18. Nf3 Bxg3 19. Nxg3 Qxg3 20. Qd2 Qf4 21. Be2 Kg7 22. g3 Qxd2+ 23. Kxd2 Bd7 24. Raf1 Rad8 25. Ne5 Bc8 26. Nf3 Rf6 27. g4 Rdf8 28. g5 Rf4 29. Rhg1 R4f5 30. Nd4 Rxf1 31. Rxf1 Rxf1 32. Bxf1 a6 33. Bh3 Kf7 34. Ke3 Ke7 35. Nc2 Bd7 36. Bg2 Kd6 37. Kd4 e5+ 38. Ke3 a5 39. b3 Bf5 40. Na3 cxb3 41. axb3 b6 42. c4 d4+ 43. Kd2 Kc5 44. Nc2 e4 45. Bf1 Bg4 46. Bg2 Bf5 47. Bf1 Bg4 48. Bg2 Bf3 49. Bxf3 exf3 50. Ke1 d3 51. Ne3 Kd4 52. Kf2 d2 53. Nd1 Kd3 54. Kxf3 Kc2 55. Ke2 Kxb3 56. Ne3 1/2-1/2

[Event "Helsingor Xtracon op"]
[Site "Helsingor"]
[Date "2017.07.27"]
[Round "7"]
[White "Leonhardsen, Vebjorn Maanum"]
[Black "Verboven, Arnout"]
[Result "1/2-1/2"]
[WhiteElo "1443"]
[BlackElo "1739"]
[PlyCount "88"]
[EventDate "2017.07.22"]
[EventType "swiss"]
[EventRounds "10"]
[EventCountry "DEN"]
[SourceTitle "CBM 179 Extra"]
[Source "ChessBase"]
[SourceDate "2017.08.23"]
[SourceVersion "1"]
[SourceVersionDate "2017.08.23"]
[SourceQuality "1"]

1. d4 Nf6 2. Nf3 e6 3. c4 c5 4. e3 d5 5. Nc3 b6 6. Be2 dxc4 7. Bxc4 Bb7 8. 0-0 Nbd7 9. Be2 Rc8 10. Bd2 a6 11. Rc1 c4 12. a3 b5 13. h3 Be7 14. Re1 0-0 15. Rf1 Qb6 16. Na2 Nd5 17. Qe1 Qa7 18. Qd1 N7b6 19. Nc3 Nxc3 20. Bxc3 Na4 21. Ne5 f6 22. Nf3 Be4 23. Nd2 Bg6 24. Bh5 Bd3 25. Be2 Bxe2 26. Qxe2 a5 27. Nf3 Nxc3 28. Rxc3 Rc6 29. Rfc1 Rfc8 30. a4 bxa4 31. Rxc4 Rxc4 32. Rxc4 Rxc4 33. Qxc4 Qd7 34. Kf1 a3 35. bxa3 Bxa3 36. Nd2 h6 37. Ne4 Qd5 38. Qxd5 exd5 39. Nc3 Kf7 40. Nxd5 Ke6 41. Nb6 Bb4 42. Ke2 Kd6 43. Kd3 Kc6 44. Nc4 Kb5 1/2-1/2

[Event "Helsingor Xtracon op"]
[Site "Helsingor"]
[Date "2017.07.22"]
[Round "1"]
[White "Kolvig, Bent"]
[Black "Verboven, Arnout"]
[Result "0-1"]
[WhiteElo "2230"]
[BlackElo "1739"]
[PlyCount "68"]
[EventDate "2017.07.22"]
[EventType "swiss"]
[EventRounds "10"]
[EventCountry "DEN"]
[SourceTitle "CBM 179 Extra"]
[Source "ChessBase"]
[SourceDate "2017.08.23"]
[SourceVersion "1"]
[SourceVersionDate "2017.08.23"]
[SourceQuality "1"]

1. c4 Nf6 2. Nc3 e6 3. g3 c5 4. Nf3 Be7 5. Bg2 0-0 6. 0-0 d6 7. d4 Nbd7 8. b3 Rb8 9. Bb2 a6 10. a4 b6 11. e4 cxd4 12. Nxd4 Bb7 13. Re1 Qc7 14. Rc1 Rfd8 15. h3 Rbc8 16. f4 Qc5 17. Kh2 Ba8 18. Qe2 e5 19. Nf5 Bf8 20. Nd5 Bxd5 21. cxd5 Qb4 22. Qxa6 Rxc1 23. Rxc1 g6 24. fxe5 Nxe5 25. Nd4 Bh6 26. Rc8 Rf8 27. Bc3 Qa3 28. Rxf8+ Kxf8 29. Qxb6 Nfg4+ 30. hxg4 Nxg4+ 31. Kh3 Nf2+ 32. Kh4 Bg5+ 33. Kxg5 Qc1+ 34. Kf6 Ng4# 0-1

[Event "BEL-ch U18"]
[Site "Blankenberge"]
[Date "2017.04.10"]
[Round "2"]
[White "Verboven, Arnout"]
[Black "Capone, Nicola"]
[Result "0-1"]
[WhiteElo "1861"]
[BlackElo "2349"]
[PlyCount "58"]
[EventDate "2017.04.09"]
[EventType "swiss"]
[EventRounds "9"]
[EventCountry "BEL"]
[SourceTitle "CBM 178 Extra"]
[Source "ChessBase"]
[SourceDate "2017.06.22"]
[SourceVersion "1"]
[SourceVersionDate "2017.06.22"]
[SourceQuality "1"]

1. e4 c5 2. Nf3 Nc6 3. d4 cxd4 4. Nxd4 Nf6 5. Nc3 d6 6. Be3 Ng4 7. Bc4 Nxe3 8. fxe3 e6 9. Bb3 Be7 10. Nde2 0-0 11. a3 Ne5 12. Nf4 a6 13. Qe2 b5 14. 0-0-0 Qb6 15. Rhf1 Bd7 16. Rd2 a5 17. Rfd1 b4 18. Nb1 Rfc8 19. a4 Bc6 20. Rd4 Qb7 21. Nd2 Qd7 22. Nc4 Nxc4 23. Bxc4 e5 24. Qh5 exf4 25. Qxf7+ Kh8 26. Be6 Qe8 27. Qxf4 Bxa4 28. b3 Bb5 29. e5 dxe5 0-1

[Event "BEL-ch U16"]
[Site "Blankenberge"]
[Date "2014.04.17"]
[Round "7"]
[White "Sterck, Arno"]
[Black "Verboven, Arnout"]
[Result "1-0"]
[WhiteElo "1887"]
[BlackElo "1528"]
[PlyCount "71"]
[EventDate "2014.04.??"]
[EventType "swiss"]
[EventRounds "9"]
[EventCountry "BEL"]
[SourceTitle "EXT 2015"]
[Source "ChessBase"]
[SourceDate "2014.11.20"]
[SourceVersion "1"]
[SourceVersionDate "2014.11.20"]
[SourceQuality "1"]

1. e4 e5 2. Nf3 Nf6 3. Nc3 Bb4 4. Bc4 0-0 5. 0-0 Bxc3 6. dxc3 Nxe4 7. Nxe5 d6 8. Nxf7 Rxf7 9. Bxf7+ Kxf7 10. Qd5+ Kf8 11. Qxe4 Kg8 12. Bg5 Qf8 13. Rfe1 Nc6 14. Qd5+ Kh8 15. Bh4 Bd7 16. Bg3 Re8 17. Rad1 Re7 18. f3 Qe8 19. Rxe7 Qxe7 20. Re1 Qf6 21. Qe4 Qf8 22. b4 b5 23. a3 a6 24. c4 Qf7 25. cxb5 axb5 26. a4 bxa4 27. b5 Na7 28. Qa8+ Nc8 29. Qxa4 Nb6 30. Qh4 Qf8 31. c4 d5 32. c5 Qxc5+ 33. Bf2 Qf8 34. Qe7 Qxe7 35. Rxe7 Bxb5 36. Rxc7 1-0

[Event "BEL-ch U16"]
[Site "Blankenberge"]
[Date "2014.04.15"]
[Round "4"]
[White "Verboven, Arnout"]
[Black "De Block, Yordi"]
[Result "1/2-1/2"]
[WhiteElo "1528"]
[BlackElo "1876"]
[PlyCount "74"]
[EventDate "2014.04.??"]
[EventType "swiss"]
[EventRounds "9"]
[EventCountry "BEL"]
[SourceTitle "EXT 2015"]
[Source "ChessBase"]
[SourceDate "2014.11.20"]
[SourceVersion "1"]
[SourceVersionDate "2014.11.20"]
[SourceQuality "1"]

1. e4 d6 2. d4 g6 3. Nf3 Bg7 4. Nc3 a6 5. Bc4 b5 6. Bb3 Bb7 7. Ng5 e6 8. d5 e5 9. Nf3 Nd7 10. 0-0 Nc5 11. a3 Ne7 12. Bg5 Qd7 13. h3 h6 14. Be3 g5 15. Nd2 Ng6 16. Ne2 Bf6 17. Ng3 Nf4 18. Nf5 Nxe4 19. Nxe4 Qxf5 20. Nxf6+ Qxf6 21. c4 c6 22. Rc1 c5 23. Ba2 0-0 24. Bxf4 exf4 25. b4 cxb4 26. axb4 Rac8 27. c5 dxc5 28. bxc5 Rfd8 29. Qf3 Rc7 30. c6 Bc8 31. Rfd1 Rd6 32. Qe4 Bf5 33. Qe8+ Kg7 34. Qa8 Bc8 35. Qb8 Qd8 36. Qb6 f6 37. Qd4 Bf5 1/2-1/2